Pollen grains of Indian plants. 1. (Record no. 20718)

MARC details
000 -LEADER
fixed length control field 00423nam a2200145Ia 4500
082 ## - DEWEY DECIMAL CLASSIFICATION NUMBER
Classification number 581.331.2(540)
Item number NAI.1
100 ## - MAIN ENTRY--AUTHOR NAME
Personal name NAIR, P K K
245 #0 - TITLE STATEMENT
Title Pollen grains of Indian plants. 1.
260 ## - PUBLICATION, DISTRIBUTION, ETC. (IMPRINT)
Place of publication Lucknow
Name of publisher National Botanic gardens
Year of publication 1961
490 ## - SERIES STATEMENT
Series statement Bulletin of the National botanic gardens; 53
650 ## - SUBJECT ADDED ENTRY--TOPICAL TERM
Topical Term Basellaceae pollen
650 ## - SUBJECT ADDED ENTRY--TOPICAL TERM
Topical Term Caricaceae
942 ## - ADDED ENTRY ELEMENTS (KOHA)
Koha item type Books
Holdings
Withdrawn status Lost status Damaged status Not for loan Home library Current library Date acquired Full call number Accession Number Koha item type
        RRII Library RRII Library 16/12/2021 581.331.2(540) NAI.1 01441 Books